00725nam a2200229 i 4500001000300000100001900003245004700022260003800069490004200107650001500149650003600164650002800200650003100228700001400259830004200273020001500315040000800330041000800338080001000346008004100356856009800397bg1 aREDFORD, A. H. 0aRobots in assembly /cA.H. Redford, E. Lo. aNew York :bHalsted Press,c1986.1 aOpen University Press Robotics Series 9aAutomatyka 9aAutomatyxstosowaniexprzemysł 9aMontażxautomatyzacja 9aTechnologiaxautomatyzacja1 aLO, E. K. aOpen University Press Robotics Series a0470203269 cBPK apol a681.5 s pl f |000 0 pol  uhttp://koha.tu.koszalin.pl/cgi-bin/koha/opac-detail.pl?biblionumber=29742yKatalog online BPK